The end of the world : the science and ethics of human extinction

Αποθηκεύτηκε σε:
Λεπτομέρειες βιβλιογραφικής εγγραφής
Κύριος συγγραφέας: Leslie, John, 1940-
Μορφή: Βιβλίο
Γλώσσα:English
Δημοσίευση: London : Routledge, c1996.
Θέματα:
Ετικέτες: Προσθήκη ετικέτας
Δεν υπάρχουν, Καταχωρήστε ετικέτα πρώτοι!

MARC

LEADER 00000cam a2200000 i 4500
001 1/183
008 000403s1996 gr | ||| |||| ||eng||
020 |a 0415140439 
035 |l 10059569 
040 |a GR-MyUa  |b gre  |e AACR2 
041 0 |a eng 
082 7 |a 304.2   |2 (22) 
100 1 |a Leslie, John,   |d 1940- 
245 1 4 |a The end of the world :   |b the science and ethics of human extinction /   |c John Leslie. 
260 |a London :   |b Routledge,   |c c1996. 
300 |a 310 σ. ;   |c 23 εκ. 
504 |a Περιλαμβάνει βιβλιογραφικές παραπομπές και ευρετήριο. 
650 0 0 |a End of the world (Astronomy)  |x Moral and ethical aspects. 
650 0 |a Extinction (Biology) 
650 0 |a Nature  |x Effect of human beings on. 
852 |a INST  |b LESVOS  |e 20000403  |h 304.2 LES  |p 005100020232  |q 005100020232  |t BK  |y 0 
901 |a BIBL1-2000-1 
922 |a 1ΕΛΗ  |b 200003  |c ΚΠΣ/ΤΓ  |d LEADER 
950 |a 118-1999-09-20 
970 |a ΤΖΑΦΕΡΗ  |b ΕΥΑΓΓΕΛΙΑ  |z 2000/04/20